00967nam a2200193Ia 4500001031900000002005000319008003700369010001100406530002200417650003100439650003400470650005900504650005000563650001600613650002700629700004500656700003500701700003700736IA_The study is a strategic process, shows us from the market research, supply of raw materials, organizational strategy, analysis of size, location, process engineering, financial analysis, risk analysis and environmental impact which give us a broad overview of the characteristics on which the project will operate.ESTUDIO DE FACTIBILIDAD TECNICO-ECONOMICO PARA EL220117s xx 000 0 und d a185532 aDisponible en PDF aCarne de cerdoxComercio  aCerdoxProductos cárnicos  0aIndustria del ganado y de la carnezMéxicozPuebla  0aLivestock and meat industryzMexicozPuebla  aPorkxTrade aSwinexMeat products  aEspejel Zaragoza, José Afredo, asesor 1 aMartínez Mosqueda, Francisco aPonce Hernández, Pedro, asesor